2016 Animated Movies by Picture - Statistics

General Stats
  • This quiz has been taken 19 times
  • The average score is 8 of 12
Answer Stats
Picture Answer % Correct
Finding Dory
100%
Zootopia
100%
The Angry Birds Movie
94%
Trolls
94%
Moana
89%
Sing
89%
Ratchet & Clank
56%
Kubo and the Two Strings
44%
Your Name.
39%
My Life as a Zucchini
28%
The Red Turtle
28%
Leap!
22%
No matching quizzes found
Score Distribution
Percent of People with Each Score
Percentile by Number Answered
Your Score History
You have not taken this quiz